Estadísticas para MATADORES DE TOROS EN ACTIVO

Haz click aquí para intentar la prueba.

Estadísticas generales

  • Esta prueba ha sido intentada 40 veces
    (29 desde el último reinicio)
  • La puntuación promedio es 80 de 439

Estadísticas de respuestas

TORERO% Correcto
Alejandro Talavante
83%
Morante de la Puebla
83%
Roca Rey
83%
Cayetano Rivera
67%
Daniel Luque
67%
El Juli
67%
Emilio de Justo
67%
Pablo Aguado
67%
Román
67%
Sebastián Castella
67%
Álvaro Lorenzo
50%
Borja Jiménez
50%
David de Miranda
50%
Diego Urdiales
50%
El Cid
50%
El Cordobés
50%
El Fandi
50%
Esaú Fernández
50%
Fernando Adrián
50%
Ginés Marín
50%
Gómez del Pilar
50%
Gonzalo Caballero
50%
José María Manzanares
50%
Juan Ortega
50%
Lama de Góngora
50%
Leo Valadez
50%
Manuel Escribano
50%
Miguel Ángel Perera
50%
Paco Ureña
50%
Tomás Rufo
50%
Adrián de Torres
33%
Adriano
33%
Alberto Lamelas
33%
Alejandro Adame
33%
Alfonso Cadaval
33%
Álvaro Alarcón
33%
Amor Rodríguez
33%
Ángel Téllez
33%
Antonio Ferrera
33%
Calita
33%
Christian Parejo
33%
Clemente
33%
Cristian Pérez
33%
Curro Díaz
33%
Damián Castaño
33%
David Galán
33%
David Galván
33%
El Payo
33%
El Rafi
33%
Enrique Ponce
33%
Fernando Robleño
33%
Fortes
33%
Francisco de Manuel
33%
Javier Cortés
33%
Javier Jiménez
33%
Jesús Chover
33%
Jesús Enrique Colombo
33%
Joaquín Galdós
33%
José Antonio Lavado
33%
José Antonio Valencia
33%
José Garrido
33%
Joselito Adame
33%
José Tomás
33%
Juan de Castilla
33%
Juan del Álamo
33%
Juanito
33%
Juan Leal
33%
Julio Benítez
33%
López Chaves
33%
Luis David Adame
33%
Manuel Diosleguarde
33%
Marcos
33%
Marcos Linares
33%
Miguel Tendero
33%
Morenito de Aranda
33%
Nuno Casquinha
33%
Octavio Chacón
33%
Oliva Soto
33%
Rafaelillo
33%
Rafa Serna
33%
Sánchez Vara
33%
Sebastián Ritter
33%
Serafín Marín
33%
Sergio Serrano
33%
Uceda Leal
33%
Abel Valls
17%
Alberto Aguilar
17%
Alberto Álvarez
17%
Alberto Durán
17%
Alberto Gómez
17%
Alberto Pozo
17%
Alejandro Conquero
17%
Alejandro Fermín
17%
Alejandro Marcos
17%
Alejandro Martínez Vértiz
17%
Alejandro Mora
17%
Alejandro Morilla
17%
Alejandro Parralo
17%
Alfonso de Lima
17%
Álvaro de la Calle
17%
Álvaro García
17%
Andrés Palacios
17%
Andy Younes
17%
Angelino de Arriaga
17%
Ángel Jiménez
17%
Ángel Puerta
17%
Ángel Sánchez
17%
Antón Cortés
17%
Antonio Cama
17%
Antonio Grande
17%
Antonio Joao Ferreira
17%
Antonio Linares
17%
Antonio Puerta
17%
Antonio Ramírez
17%
Arturo Gilio
17%
Arturo Macías
17%
Arturo Saldívar
17%
Calerito
17%
Canales Rivera
17%
Carlos Aranda
17%
Carlos Doyagüe
17%
Carlos Gallego
17%
César Valencia
17%
César Vanegas
17%
Chamaquito de Granada
17%
Chapurra
17%
Chechu
17%
Conchi Ríos
17%
Cristian Escribano
17%
Cristóbal Pardo
17%
Cristóbal Reyes
17%
Cuqui
17%
Cuqui de Utrera
17%
Curro de la Casa
17%
Curro Ramírez
17%
Daniel Menés
17%
Darío Domínguez
17%
David Aguilar
17%
David Esteve
17%
David Garzón
17%
David Gil
17%
David Luguillano
17%
David Martín Escudero
17%
David Martínez
17%
David Mora
17%
David Saleri
17%
Diego Carretero
17%
Diego Emilio
17%
Diego Fera
17%
Diego Sánchez
17%
Diego San Román
17%
Diego Silveti
17%
Dorian Canton
17%
Eduardo Gallo
17%
El Adoureño
17%
El Arqueño
17%
El Astigitano
17%
El Calesa
17%
El Capea
17%
El Chihuahua
17%
El Chorlo
17%
El Conde
17%
El Dani
17%
El Fabi
17%
El Gallo
17%
El Galo
17%
El Mojito
17%
El Palentino
17%
El Rifao
17%
El Rubi
17%
El Rubio
17%
El Sargento del Perú
17%
El Solo
17%
El Zapata
17%
Emilio Macías
17%
Emilio Serna
17%
Emilio Silvera
17%
Emmanuel Cuenca
17%
Eugenio de Mora
17%
Fabián Barba
17%
Fermín Rivera
17%
Fernández Pineda
17%
Fernando Plaza
17%
Fernando Tendero
17%
Fernando Villavicencio
17%
Filiberto
17%
Finito de Córdoba
17%
Francisco José Espada
17%
Francisco José Palazón
17%
Francisco Martínez
17%
Francisco Montero
17%
García Navarrete
17%
Garza Gaona
17%
Gerardo Adame
17%
Gerardo Rivera
17%
Gerardo Sánchez
17%
Guerrita Chico
17%
Guillermo Albán
17%
Héctor Gabriel
17%
Héctor Gutiérrez
17%
Hilda Tenorio
17%
Ignacio Garibay
17%
Ignacio Olmos
17%
Isaac Fonseca
17%
Ismael López
17%
Israel Lancho
17%
Israel Téllez
17%
Iván Abásolo
17%
Iván Vicente
17%
Jairo Miguel
17%
Javier Antón
17%
Javier Benjumea
17%
Javier Castaño
17%
Javier Castro
17%
Javier Conde
17%
Javier de la Concha
17%
Javier González
17%
Javier Herrero
17%
Javier Marín
17%
Jeremy Banti
17%
Jerónimo
17%
Jesuli de Torrecera
17%
Jesulín de Ubrique
17%
Jesús Almería
17%
Jesús Duque
17%
Jorge Delijorge
17%
Jorge Didier
17%
Jorge Isiegas
17%
Jorge Sotelo
17%
José Alberto Ortega
17%
José Andrés Marcillo
17%
José Arcila
17%
José Cabrera
17%
José Carlos Venegas
17%
José Fernando Molina
17%
Joselillo
17%
José Luis Angelino
17%
José Luis Villalba
17%
José María Hermosillo
17%
José María Macías
17%
José María Pastor
17%
José Mauricio
17%
José Sainz
17%
Juan Andrés González
17%
Juan Belda
17%
Juan Carlos Benítez
17%
Juan Carlos Carballo
17%
Juan Carlos Cubas
17%
Juan del Moral
17%
Juan Fernando
17%
Juan José Padilla
17%
Juan Miguel
17%
Juan Mora
17%
Juan Pablo Llaguno
17%
Juan Pablo Sánchez
17%
Juan Pedro Herrero
17%
Juan Pedro Llaguno
17%
Julio Parejo
17%
Kuntur Alfaro
17%
Lagartijo de Córdoba
17%
Leonardo Buenaño
17%
Lima de Estepona
17%
López Simón
17%
Luis Bolívar
17%
Luis Gerpe
17%
Luis Ignacio Escobedo
17%
Luis Miguel Castrillón
17%
Luis Miguel Encabo
17%
Lupita López
17%
Manolo Castañeda
17%
Manolo Muñoz
17%
Manolo Vanegas
17%
Manuel Carbonell
17%
Manuel Dias Gomes
17%
Manuel Perera
17%
Marco Antonio Gómez
17%
Marc Serrano
17%
Mario Palacios
17%
Mario Sotos
17%
Mari Paz Vega
17%
Matías Tejela
17%
Mauro Lizardo
17%
Michelito Lagravere
17%
Miguel Aguilar
17%
Miguel Ángel Delgado
17%
Miguel Ángel León
17%
Miguel Ángel Pacheco
17%
Miguel Ángel Sánchez
17%
Miguel Ángel Silva
17%
Miguel de Pablo
17%
Miguel Giménez
17%
Miguel Maestro
17%
Morenito de Canta
17%
Moreno Muñoz
17%
Óscar Quiñónez
17%
Óscar Rodríguez
17%
Otto Rodríguez
17%
Pablo Juárez
17%
Pablo Samperio
17%
Paco Céspedes
17%
Paco Perlaza
17%
Paco Ramos
17%
Paola San Román
17%
Paulita
17%
Pedrito de Portugal
17%
Pedro Cabrero
17%
Pedro Marín
17%
Pepe Luis Gallego
17%
Pepe Moral
17%
Pepe Nava
17%
Pérez Mota
17%
Posada de Maravillas
17%
Rafael Cerro
17%
Rafael de Julia
17%
Rafael Orellana
17%
Raúl Rivera
17%
Ricardo Torres
17%
Rivera del Pilar
17%
Rocío Romero
17%
Rubén Pinar
17%
Rubén Sanz
17%
Ruíz Muñoz
17%
Salvador Barberán
17%
Salvador Cortés
17%
Salvador Ruano
17%
Salvador Vega
17%
Sebastián Ibelles
17%
Sebastián Vargas
17%
Sergio Aguilar
17%
Sergio Cerezos
17%
Sergio Flores
17%
Sergio Garza
17%
Serranito
17%
Solalito
17%
Thomas Cerqueira
17%
Thomas Dufau
17%
Thomas Joubert
17%
Tibo García
17%
Tomás Angulo
17%
Tomás Campos
17%
Toñete
17%
Torres Jerez
17%
Varea
17%
Vicente Soler
17%
Víctor Hernández
17%
Víctor Janeiro
17%
Víctor Puerto
17%
Xavier Gallardo
17%
Xavier Ocampo
17%
Yon Lamothe
17%
Zotoluco
17%
Alan Corona
0%
Alexander Guillén
0%
Álvaro Samper
0%
Anderson Baca
0%
Ángel Ramos
0%
Aníbal Ruíz
0%
Antonio Camas
0%
Antonio Campos
0%
Antonio Lomelín
0%
Antonio Suárez
0%
Anyinson Vanegas
0%
Armillita IV
0%
Arturo Soto
0%
Brandon Campos
0%
Carlos Olsina
0%
Cayetano Delgado
0%
César Maldonado
0%
César Montes
0%
Christian Ortega
0%
Daniel Ayala
0%
Daniel Crespo
0%
Diego García
0%
Diego Garmendia
0%
El Breco
0%
El Gaby
0%
Elías Hernández
0%
El Moso
0%
El Papo
0%
El Pino
0%
El Poeta
0%
El Yeta
0%
Emilio Barrantes
0%
Enrique Garza
0%
Fabio Castañeda
0%
Franco Salcedo
0%
Giovanni Norabuena
0%
Gustavo Zúñiga
0%
Igor Pereira
0%
Imanol Sánchez
0%
Isaac Chacón
0%
Iván Padilla
0%
Jaime Adrián
0%
Javier Cardozo
0%
Javier de Prado
0%
Jorge Martínez
0%
José Antonio Bustamante
0%
José David Cadavid
0%
José Ignacio Ortiz
0%
Joselito Riquelme
0%
José Luis de Vega
0%
José Miguel Arellano
0%
Juanito Ortiz
0%
Juan Luis Silis
0%
Juan Sebastián Hernández
0%
Julio Ricaurte
0%
Jussef Hernández
0%
Luis Gallardo
0%
Luis López
0%
Luis Miguel Cuéllar
0%
Luis Vilches
0%
Manuel Libardo
0%
Manuel Ponce
0%
Mario Alcalde
0%
Mario Diéguez
0%
Maxime Solera
0%
Miguel Abellán
0%
Mirafuentes de Anda
0%
Óscar Conrado
0%
Óscar Miguel Huaytán
0%
Paco Cortez
0%
Pepe Murillo
0%
Platerito
0%
Rafael Castro
0%
Rafael González
0%
Ricardo Rivera
0%
Rocío Morelli
0%
Román Martínez
0%
Ronel Vasquez
0%
Royer Álvaro
0%
Samuel Calderón
0%
Santana Claros
0%
Sebastián Cáqueza
0%
Sebastián Palomo
0%
Sergio Blanco
0%
Valente Alanís
0%

Distribución de puntuación

Porcentaje por número respondido

Porcentaje de gente con cada puntuación

Historial de tus puntuaciones

No has intentado esta prueba desde el último reinicio